000 01505nam0a2200373 4500
001 RU\NLR\BIBL_A\022071685
005 20240329102157.0
010 _a978-5-907220-69-0
_93000
021 _aRU
_bКН-П-23-064891
_9КН-П-23-6595
035 _a(NLR Aleph) 022071685
090 _a12661375
_c12661375
100 _a20231113d2023 c y0rusy50 ca
101 0 _arus
102 _aRU
105 _aа|||z|||000zy
181 0 _ab3
_bxb2e
181 0 _ai1
_baxxe
182 0 _an
200 1 _aАзбука регби
_e[для дошкольного и младшего школьного возраста
_fЦСКА]
_gсоставитель: Алексей Лазунин
_gиллюстрации Алексея Лазунина
203 _aИзображение
_aТекст
_bвизуальные
_cнепосредственные
210 _aМосква
_cГородец
_cГородец детство
_d2023
215 _a[77] с.
_cил., цв. ил., портр.
_d31
300 _aДоп. информ. в ссылках QR-кода кн.
333 _a6+
606 1 _aРегби
_jИздания для детей
_92602626
_3RU\NLR\AUTH\661539184
686 0 _aШ9
_bЧ5
702 1 _aЛазунин
_bА.
_gАлексей
_4220
712 0 2 _4570
_aЦСКА, регби-клуб
_cМосква
_9872606
_3RU\NLR\AUTH\880600755
942 _cBOOK
980 _aNB